| 000 | 00939 a2200217 4500 | ||
|---|---|---|---|
| 001 | 41338 | ||
| 005 | 20260407155707.0 | ||
| 008 | 260407a2017 arg spa d | ||
| 003 | AR-UNSa-BCEJYS | ||
| 040 |
_aAR-UNSa-BCEJYS _bspa _cAR-UNSa-BCEJYS |
||
| 080 |
_a336.22 _xImpuestos |
||
| 245 | 1 | 0 |
_aLey 27.346 _pReforma impositiva. Texto completo |
| 264 | 1 |
_aBuenos Aires : _bErrepar _c2017 |
|
| 300 |
_a9 p. _c21 cm. |
||
| 505 | _aI. Modificaciones ganancias (Título I) - II. Modificaciones monotributo (Título II) - III. Otros impuestos (Título III): 1. Realización de apuestas (capítulo I) - 2. Apuestas online (capítulo II) - 3. Dólar futuro (capítulo III) - 4. IVA. Responsables sustitutos (capítulo IV) | ||
| 041 | _aspa | ||
| 942 | _cBK | ||
| 590 | _aniveau_biblio:m niveau_hierar:0 | ||
| 100 | 1 | _aArgentina [Leyes, etc.] | |
| 856 | 4 | 1 |
_uhttps://biblioeco.unsa.edu.ar/pmb/images/libros/E00037.jpg _yImagen de portada _qimage/jpeg |
| 999 |
_c3472 _d3472 |
||